| 000 | 00662nam a2200241 a 4500 | ||
|---|---|---|---|
| 001 | 2317 | ||
| 003 | BD-RjUL | ||
| 005 | 20211208233525.0 | ||
| 008 | 131211r19671965nyu b 000 0 eng | ||
| 035 | _a(BD-RjUL)2344 | ||
| 040 |
_aDLC _cDLC _dDLC _dBD-RjUL _beng |
||
| 041 | _aeng | ||
| 082 | 0 | 0 |
_a302 _bBRS _221 |
| 100 | 1 |
_aBrown, Roger, _d1925-1997. _97518 |
|
| 245 | 0 | 0 |
_aSocial psychology / _c[by] Roger Brown. |
| 260 |
_aNew York, _bFree Press _cc1965 [Impression 1957]. |
||
| 300 |
_axxiv, 785 p. ; _c24 cm. |
||
| 504 | _aIncludes bibliographies. | ||
| 650 | 0 |
_aSocial psychology. _97519 |
|
| 942 |
_2ddc _cBK |
||
| 999 |
_c2317 _d2317 |
||